| 000 | 00613nam a2200193Ia 4500 | ||
|---|---|---|---|
| 008 | 240729s9999 xx 000 0 und d | ||
| 022 | _a2090-0856 | ||
| 245 | 0 | _aEgyptian Academic Journal of Biological Sciences. E, Medical Entomology and Parasitology | |
| 260 | _aEgypt | ||
| 260 | _bEgyptian Society of Biological Sciences | ||
| 650 | _a Microbial ecology | Medicine | Science | ||
| 650 | _a Microbiology | ||
| 650 | _a Physiology | ||
| 650 | _a Science (General) | Science | ||
| 650 | _aScience | ||
| 856 | _uhttps://doaj.org/toc/30d653c51bb148398b38c7b37341d05b | ||
| 942 | _2ddc | ||
| 942 | _cDOAJEJ | ||
| 999 |
_c67309 _d67309 |
||
| 945 |
_a1 _bMadushi Gamage _c1 _dMadushi Gamage |
||